01216agaaa2200277 45000010005000000030009000050050017000140070009000310080040000400400023000800410013001031000044001161300055001602450170002152500022003852600126004073000033005335080067005665110015006335200044006485380016006925460013007086500093007217000068008147000056008827053IT-RoPAU20220918181301.0d cvaizq50131s9999||||xx ||| | || ||und|| aIT-RoPAUcIT-RoPAU aITALIANO aBiagi EnzogCodice regista SPICS: 11483 aTERRE VICINE-NELL'EST UN MONDO CHE CAMBIA. POLONIA aTERRE VICINE-NELL'EST UN MONDO CHE CAMBIA. POLONIAcDiretto da: Biagi EnzopTERRE VICINE-NELL'EST UN MONDO CHE CAMBIA. POLONIA (Rif. Codice opera principale : 87053) aEdizione Standard aROMA (ITALIA)bRAI - RADIO TELEVISIONE ITALIANA / Distribuzione: RAI UNOg"1990 (1° ed.: 1990 ; Ed. Lingua Orig.: 1990)" aVHSbsonoro, col.c60 minuti a"Fotografia: Carelli Maurizio; Montaggio: Bellagente Walter; " aBiagi Enzo aSITUAZIONE SOCIO-POLITICA DELLA POLONIA aPAL, STEREO aITALIANO aDOCUMENTARIOeTV-PROG. DIDATTICO/CULTURALI-DOCUMENTARI [VHS]xCodice MATERIA SPICS: 9962 aArancio Lucianoe(regista)gCodice secondo regista SPICS: 30763 aBiagi Enzo e(regista)gCodice regista SPICS: 11483